[Event "2CLB1617, Unichess'B'-Liberec"]
[Site "Praha"]
[Date "2017.01.15"]
[Round "6.1"]
[White "Kovar, Vojtech"]
[Black "Braun, Marek"]
[Result "0-1"]
[BlackElo "2228"]
[WhiteElo "2369"]
[WhiteTeam "Unichess B"]
[BlackTeam "Desko Liberec"]
[LiveChessVersion "1.4.8"]

1. e4 {[%clk 1:30:56]} d6 {[%clk 1:30:53]} 2. d4 {[%clk 1:31:18]} Nf6
{[%clk 1:31:19]} 3. Nc3 {[%clk 1:31:45]} c6 {[%clk 1:31:43]} 4. Nf3
{[%clk 1:27:19]} Nbd7 {[%clk 1:31:16]} 5. e5 {[%clk 1:22:54]} Nd5
{[%clk 1:31:27]} 6. Nxd5 {[%clk 1:23:16]} cxd5 {[%clk 1:31:53]} 7. exd6
{[%clk 1:23:35]} e6 {[%clk 1:31:58]} 8. Bf4 {[%clk 1:08:15]} Qb6 {[%clk 1:29:57]}
9. Bd3 {[%clk 1:07:57]} Bxd6 {[%clk 1:30:07]} 10. Qd2 {[%clk 1:07:59]} O-O
{[%clk 1:21:14]} 11. O-O-O {[%clk 0:59:39]} Nf6 {[%clk 1:16:55]} 12. Rhe1
{[%clk 0:58:34]} Bd7 {[%clk 1:16:47]} 13. Be5 {[%clk 0:42:33]} Be7
{[%clk 1:09:06]} 14. Qg5 {[%clk 0:23:22]} Bb5 {[%clk 1:04:40]} 15. Bxh7+
{[%clk 0:23:24]} Kxh7 {[%clk 1:02:53]} 16. Qh4+ {[%clk 0:20:00]} Kg8
{[%clk 0:58:43]} 17. Ng5 {[%clk 0:20:25]} Nh5 {[%clk 0:56:50]} 18. f4
{[%clk 0:01:11]} f6 {[%clk 0:51:42]} 19. Qxh5 {[%clk 0:01:38]} fxg5
{[%clk 0:52:06]} 20. fxg5 {[%clk 0:01:54]} Rf5 {[%clk 0:51:27]} 21. h4
{[%clk 0:02:17]} Be8 {[%clk 0:45:01]} 22. Qe2 {[%clk 0:02:45]} Bg6
{[%clk 0:42:58]} 23. Bc7 {[%clk 0:01:11]} Qxc7 {[%clk 0:32:27]} 24. Qxe6+
{[%clk 0:01:40]} Kh7 {[%clk 0:32:27]} 25. h5 {[%clk 0:00:31]} Qf4+
{[%clk 0:32:29]} 26. Kb1 {[%clk 0:01:00]} Bxh5 {[%clk 0:32:16]} 27. g4
{[%clk 0:01:21]} Qxg4 {[%clk 0:29:02]} 28. Rh1 {[%clk 0:01:08]} Qxg5
{[%clk 0:26:42]} 29. Rdg1 {[%clk 0:01:31]} Qf6 {[%clk 0:26:57]} 0-1

[Event "2CLB1617, Unichess'B'-Liberec"]
[Site "Praha"]
[Date "2017.01.15"]
[Round "6.2"]
[White "Lastovka, Jan"]
[Black "Kuba, Jindrich"]
[Result "0-1"]
[BlackElo "2264"]
[WhiteElo "2073"]
[WhiteTeam "Desko Liberec"]
[BlackTeam "Unichess B"]
[LiveChessVersion "1.4.8"]

1. e4 {[%clk 1:30:57]} c5 {[%clk 1:30:49]} 2. b3 {[%clk 1:31:05]} Nc6
{[%clk 1:29:45]} 3. Bb2 {[%clk 1:31:30]} e5 {[%clk 1:29:11]} 4. Bc4
{[%clk 1:31:47]} Nf6 {[%clk 1:29:01]} 5. d3 {[%clk 1:32:09]} d6 {[%clk 1:28:10]}
6. Nc3 {[%clk 1:31:45]} a6 {[%clk 1:27:28]} 7. a4 {[%clk 1:32:10]} Be7
{[%clk 1:27:12]} 8. Nge2 {[%clk 1:28:44]} Rb8 {[%clk 1:18:18]} 9. O-O
{[%clk 1:27:05]} Nd4 {[%clk 1:17:26]} 10. Nxd4 {[%clk 1:20:07]} cxd4
{[%clk 1:17:43]} 11. Nd5 {[%clk 1:20:28]} Nxd5 {[%clk 1:15:29]} 12. Bxd5
{[%clk 1:20:37]} O-O {[%clk 1:14:28]} 13. f4 {[%clk 1:18:43]} exf4
{[%clk 1:04:22]} 14. Bxd4 {[%clk 1:08:43]} Bf6 {[%clk 1:04:44]} 15. Bxf6
{[%clk 1:08:17]} Qxf6 {[%clk 1:05:12]} 16. Qf3 {[%clk 0:50:31]} g5
{[%clk 1:05:32]} 17. Rae1 {[%clk 0:46:00]} Qd4+ {[%clk 1:01:30]} 18. Kh1
{[%clk 0:43:54]} Be6 {[%clk 1:01:55]} 19. Qh5 {[%clk 0:40:35]} Qg7
{[%clk 1:01:48]} 20. Bxe6 {[%clk 0:27:07]} fxe6 {[%clk 1:02:11]} 21. Qg4
{[%clk 0:27:30]} Rbe8 {[%clk 0:50:45]} 22. d4 {[%clk 0:23:31]} Kh8
{[%clk 0:37:56]} 23. e5 {[%clk 0:20:30]} d5 {[%clk 0:37:51]} 24. Rf3
{[%clk 0:17:48]} Qg6 {[%clk 0:35:54]} 25. c3 {[%clk 0:15:45]} Qf5
{[%clk 0:34:42]} 26. Qxf5 {[%clk 0:13:13]} Rxf5 {[%clk 0:35:09]} 27. c4
{[%clk 0:09:46]} Rd8 {[%clk 0:35:19]} 28. c5 {[%clk 0:08:41]} g4 {[%clk 0:33:33]}
29. Rd3 {[%clk 0:06:30]} a5 {[%clk 0:32:17]} 30. Kg1 {[%clk 0:05:56]} Kg7
{[%clk 0:32:35]} 31. Rb1 {[%clk 0:05:24]} Rf7 {[%clk 0:29:36]} 32. b4
{[%clk 0:05:41]} axb4 {[%clk 0:30:00]} 33. Rxb4 {[%clk 0:06:07]} Kg6
{[%clk 0:28:09]} 34. Kf2 {[%clk 0:04:20]} h5 {[%clk 0:28:11]} 35. Rdb3
{[%clk 0:04:24]} Ra8 {[%clk 0:28:21]} 36. Ke2 {[%clk 0:02:20]} Kf5
{[%clk 0:28:38]} 37. Rb1 {[%clk 0:01:19]} Ra7 {[%clk 0:25:30]} 38. Kd3
{[%clk 0:01:10]} Kg5 {[%clk 0:24:41]} 39. Rf1 {[%clk 0:01:08]} h4
{[%clk 0:24:04]} 40. Ke2 {[%clk 0:01:03]} Rf8 {[%clk 0:23:39]} 41. h3
{[%clk 0:23:29]} Rfa8 {[%clk 0:50:26]} 42. Ra1 {[%clk 0:18:43]} gxh3
{[%clk 0:50:19]} 43. gxh3 {[%clk 0:19:10]} Kf5 {[%clk 0:50:45]} 44. Kf2
{[%clk 0:10:06]} Rg8 {[%clk 0:49:47]} 45. a5 {[%clk 0:03:50]} Rg3
{[%clk 0:49:42]} 46. c6 {[%clk 0:02:12]} bxc6 {[%clk 0:49:48]} 47. a6
{[%clk 0:02:39]} Rag7 {[%clk 0:47:53]} 48. Raa4 {[%clk 0:01:27]} Rg1
{[%clk 0:44:04]} 49. a7 {[%clk 0:01:00]} Ke4 {[%clk 0:44:11]} 0-1

[Event "2CLB1617, Unichess'B'-Liberec"]
[Site "Praha"]
[Date "2017.01.15"]
[Round "6.3"]
[White "Skara, Vladimir"]
[Black "Bradac, Daniel"]
[Result "1-0"]
[BlackElo "1993"]
[WhiteElo "2247"]
[WhiteTeam "Unichess B"]
[BlackTeam "Desko Liberec"]
[LiveChessVersion "1.4.8"]

1. e4 {[%clk 1:30:58]} e5 {[%clk 1:30:38]} 2. Nf3 {[%clk 1:31:23]} Nc6
{[%clk 1:31:03]} 3. Bc4 {[%clk 1:31:38]} Nf6 {[%clk 1:30:59]} 4. Ng5
{[%clk 1:32:02]} d5 {[%clk 1:31:22]} 5. exd5 {[%clk 1:32:28]} Na5
{[%clk 1:31:20]} 6. Bb5+ {[%clk 1:32:53]} c6 {[%clk 1:31:43]} 7. dxc6
{[%clk 1:33:11]} bxc6 {[%clk 1:32:03]} 8. Qf3 {[%clk 1:32:18]} Bd7
{[%clk 1:25:19]} 9. Bd3 {[%clk 1:28:20]} Bd6 {[%clk 1:22:12]} 10. Nc3
{[%clk 1:27:59]} O-O {[%clk 1:17:16]} 11. h3 {[%clk 1:23:16]} h6 {[%clk 0:57:51]}
12. Nh7 {[%clk 1:17:44]} Nxh7 {[%clk 0:53:53]} 13. Bxh7+ {[%clk 1:17:10]} Kxh7
{[%clk 0:48:55]} 14. Qd3+ {[%clk 1:17:36]} Kh8 {[%clk 0:49:17]} 15. Qxd6
{[%clk 1:18:02]} Nb7 {[%clk 0:47:50]} 16. Qb4 {[%clk 1:14:59]} Qc7
{[%clk 0:41:32]} 17. d3 {[%clk 1:14:49]} c5 {[%clk 0:40:02]} 18. Qh4
{[%clk 1:14:59]} Nd6 {[%clk 0:39:08]} 19. g4 {[%clk 1:13:51]} Qc6
{[%clk 0:33:49]} 20. Rg1 {[%clk 1:13:11]} e4 {[%clk 0:34:09]} 21. Bf4
{[%clk 1:03:53]} exd3 {[%clk 0:29:37]} 22. O-O-O {[%clk 1:04:17]} c4
{[%clk 0:25:13]} 23. cxd3 {[%clk 0:59:40]} cxd3 {[%clk 0:23:47]} 24. Rxd3
{[%clk 0:59:03]} Ne4 {[%clk 0:22:26]} 25. g5 {[%clk 0:56:50]} Nxc3
{[%clk 0:16:17]} 26. Rxc3 {[%clk 0:56:52]} Qg6 {[%clk 0:16:40]} 27. Rd1
{[%clk 0:56:18]} Ba4 {[%clk 0:13:30]} 28. gxh6 {[%clk 0:52:55]} gxh6
{[%clk 0:11:44]} 29. b3 {[%clk 0:45:32]} Qg7 {[%clk 0:07:23]} 30. Be5
{[%clk 0:44:18]} f6 {[%clk 0:07:00]} 31. Rg3 {[%clk 0:42:32]} 1-0

[Event "2CLB1617, Unichess'B'-Liberec"]
[Site "Praha"]
[Date "2017.01.15"]
[Round "6.4"]
[White "Cakl, Zdenek"]
[Black "Pokorny, Petr"]
[Result "1-0"]
[BlackElo "2184"]
[WhiteElo "2076"]
[WhiteTeam "Desko Liberec"]
[BlackTeam "Unichess B"]
[LiveChessVersion "1.4.8"]

1. Nf3 {[%clk 1:30:58]} e6 {[%clk 1:30:55]} 2. b3 {[%clk 1:31:19]} Be7
{[%clk 1:31:20]} 3. Bb2 {[%clk 1:31:30]} Bf6 {[%clk 1:31:46]} 4. d4
{[%clk 1:29:56]} c5 {[%clk 1:31:54]} 5. e4 {[%clk 1:28:14]} cxd4 {[%clk 1:30:55]}
6. e5 {[%clk 1:28:17]} Bxe5 {[%clk 1:30:11]} 7. Nxe5 {[%clk 1:28:07]} Qa5+
{[%clk 1:29:56]} 8. Nd2 {[%clk 1:27:37]} Qxe5+ {[%clk 1:30:20]} 9. Be2
{[%clk 1:27:54]} Nc6 {[%clk 1:29:14]} 10. Nc4 {[%clk 1:25:27]} Qc7
{[%clk 1:19:48]} 11. Bxd4 {[%clk 1:04:36]} Nxd4 {[%clk 1:19:30]} 12. Qxd4
{[%clk 1:04:48]} Nf6 {[%clk 1:19:43]} 13. Nd6+ {[%clk 1:04:39]} Ke7
{[%clk 1:19:10]} 14. Rd1 {[%clk 0:59:08]} Qa5+ {[%clk 1:12:33]} 15. c3
{[%clk 0:54:27]} Rd8 {[%clk 1:05:07]} 16. O-O {[%clk 0:49:09]} Kf8
{[%clk 1:00:08]} 17. c4 {[%clk 0:41:24]} Ne8 {[%clk 0:49:01]} 18. Bf3
{[%clk 0:35:26]} Qc7 {[%clk 0:41:25]} 19. c5 {[%clk 0:28:58]} Rb8
{[%clk 0:36:30]} 20. Qh4 {[%clk 0:20:06]} Nf6 {[%clk 0:35:59]} 21. b4
{[%clk 0:20:09]} a6 {[%clk 0:29:53]} 22. g4 {[%clk 0:19:01]} Kg8 {[%clk 0:24:59]}
23. g5 {[%clk 0:18:12]} Ne8 {[%clk 0:25:25]} 24. Be4 {[%clk 0:16:19]} g6
{[%clk 0:23:49]} 25. Rd3 {[%clk 0:16:05]} Nxd6 {[%clk 0:18:22]} 26. cxd6
{[%clk 0:15:09]} Qc4 {[%clk 0:18:16]} 27. Rh3 {[%clk 0:14:46]} Qd4
{[%clk 0:18:42]} 28. Qxh7+ {[%clk 0:14:55]} Kf8 {[%clk 0:19:09]} 29. Qh8+
{[%clk 0:15:08]} 1-0

[Event "2CLB1617, Unichess'B'-Liberec"]
[Site "Praha"]
[Date "2017.01.15"]
[Round "6.5"]
[White "Shanel, Jaroslav"]
[Black "Krtous, Zdenek"]
[Result "1-0"]
[BlackElo "2043"]
[WhiteElo "2139"]
[WhiteTeam "Unichess B"]
[BlackTeam "Desko Liberec"]
[LiveChessVersion "1.4.8"]

1. e4 {[%clk 1:30:57]} c5 {[%clk 1:29:38]} 2. c3 {[%clk 1:31:22]} d6
{[%clk 1:28:00]} 3. d4 {[%clk 1:31:29]} Nf6 {[%clk 1:28:25]} 4. dxc5
{[%clk 1:28:44]} Nc6 {[%clk 1:28:05]} 5. f3 {[%clk 1:24:36]} dxc5
{[%clk 1:27:47]} 6. Qxd8+ {[%clk 1:25:00]} Nxd8 {[%clk 1:27:11]} 7. Be3
{[%clk 1:20:35]} e5 {[%clk 1:18:58]} 8. Bc4 {[%clk 1:11:18]} Be7 {[%clk 1:15:18]}
9. Bb5+ {[%clk 1:06:08]} Bd7 {[%clk 1:05:42]} 10. a4 {[%clk 1:03:15]} O-O
{[%clk 1:04:32]} 11. Bxd7 {[%clk 1:01:30]} Nxd7 {[%clk 1:04:56]} 12. Na3
{[%clk 0:58:04]} Ne6 {[%clk 1:02:41]} 13. Nc4 {[%clk 0:57:46]} Rfd8
{[%clk 1:01:45]} 14. O-O-O {[%clk 0:57:13]} Nb6 {[%clk 0:55:01]} 15. Rxd8+
{[%clk 0:55:47]} Rxd8 {[%clk 0:54:33]} 16. Nxe5 {[%clk 0:55:29]} Nxa4
{[%clk 0:47:36]} 17. Ne2 {[%clk 0:55:25]} f6 {[%clk 0:47:26]} 18. Nc4
{[%clk 0:55:41]} b5 {[%clk 0:47:29]} 19. Na5 {[%clk 0:53:53]} Rd3
{[%clk 0:44:35]} 20. Nf4 {[%clk 0:38:06]} Rxe3 {[%clk 0:35:14]} 21. Nxe6
{[%clk 0:38:12]} Re2 {[%clk 0:33:54]} 22. Nc6 {[%clk 0:37:36]} Kf7
{[%clk 0:33:07]} 23. Nf4 {[%clk 0:36:56]} Rxb2 {[%clk 0:31:50]} 24. Rd1
{[%clk 0:36:44]} Ke8 {[%clk 0:24:27]} 25. Ne6 {[%clk 0:24:02]} Re2
{[%clk 0:21:06]} 26. Nc7+ {[%clk 0:20:54]} Kf8 {[%clk 0:20:40]} 27. Ne6+
{[%clk 0:20:42]} Ke8 {[%clk 0:20:26]} 28. Nc7+ {[%clk 0:19:10]} Kf8
{[%clk 0:20:50]} 29. Rd7 {[%clk 0:15:17]} Nxc3 {[%clk 0:19:44]} 30. Ne6+
{[%clk 0:14:48]} Kf7 {[%clk 0:18:57]} 31. Rxe7+ {[%clk 0:15:01]} Kg8
{[%clk 0:19:01]} 32. Rxg7+ {[%clk 0:14:53]} Kh8 {[%clk 0:19:30]} 33. Rxa7
{[%clk 0:14:53]} Na2+ {[%clk 0:18:28]} 34. Kb1 {[%clk 0:15:12]} Nc3+
{[%clk 0:18:49]} 35. Ka1 {[%clk 0:15:21]} Re1+ {[%clk 0:19:09]} 36. Kb2
{[%clk 0:15:37]} Na4+ {[%clk 0:19:07]} 37. Kc2 {[%clk 0:15:42]} 1-0

[Event "2CLB1617, Unichess'B'-Liberec"]
[Site "Praha"]
[Date "2017.01.15"]
[Round "6.6"]
[White "Suchomel, Ales"]
[Black "Vrbata, Zbynek"]
[Result "0-1"]
[BlackElo "2315"]
[WhiteElo "2097"]
[WhiteTeam "Desko Liberec"]
[BlackTeam "Unichess B"]
[LiveChessVersion "1.4.8"]

1. d4 {[%clk 1:30:34]} Nf6 {[%clk 1:30:49]} 2. c4 {[%clk 1:30:41]} g6
{[%clk 1:31:05]} 3. Nc3 {[%clk 1:28:36]} Bg7 {[%clk 1:31:17]} 4. Nf3
{[%clk 1:28:28]} O-O {[%clk 1:30:53]} 5. g3 {[%clk 1:28:35]} d6 {[%clk 1:31:03]}
6. Bg2 {[%clk 1:28:54]} c6 {[%clk 1:31:09]} 7. O-O {[%clk 1:29:09]} Qa5
{[%clk 1:31:25]} 8. Qc2 {[%clk 1:20:41]} Qa6 {[%clk 1:14:23]} 9. b3
{[%clk 1:06:32]} d5 {[%clk 1:03:22]} 10. cxd5 {[%clk 1:00:12]} cxd5
{[%clk 1:03:06]} 11. Ne5 {[%clk 0:59:25]} Nc6 {[%clk 0:58:30]} 12. e3
{[%clk 0:54:33]} Bf5 {[%clk 0:53:54]} 13. Qd2 {[%clk 0:52:04]} Nxe5
{[%clk 0:37:37]} 14. dxe5 {[%clk 0:52:24]} Ne4 {[%clk 0:37:17]} 15. Qd4
{[%clk 0:45:08]} Nxc3 {[%clk 0:25:57]} 16. Qxc3 {[%clk 0:45:34]} Rac8
{[%clk 0:25:44]} 17. Qd4 {[%clk 0:45:35]} Rfd8 {[%clk 0:25:20]} 18. Bb2
{[%clk 0:44:23]} h5 {[%clk 0:16:26]} 19. Rfd1 {[%clk 0:40:50]} Kh7
{[%clk 0:08:35]} 20. e4 {[%clk 0:28:53]} Bg4 {[%clk 0:08:38]} 21. Rd2
{[%clk 0:24:33]} dxe4 {[%clk 0:08:11]} 22. Qxd8 {[%clk 0:24:22]} Rxd8
{[%clk 0:08:40]} 23. Rxd8 {[%clk 0:24:50]} e3 {[%clk 0:06:34]} 24. fxe3
{[%clk 0:16:24]} Qe2 {[%clk 0:06:34]} 25. Bd4 {[%clk 0:14:39]} Bxe5
{[%clk 0:06:00]} 26. Rf1 {[%clk 0:14:02]} Bxd4 {[%clk 0:05:17]} 27. exd4
{[%clk 0:13:55]} Kg7 {[%clk 0:05:01]} 28. Rf2 {[%clk 0:11:59]} Qe1+
{[%clk 0:04:53]} 29. Bf1 {[%clk 0:11:22]} Qe3 {[%clk 0:03:40]} 30. Bg2
{[%clk 0:10:36]} b6 {[%clk 0:03:27]} 31. Rd5 {[%clk 0:10:31]} Be6
{[%clk 0:03:26]} 32. Rd8 {[%clk 0:10:40]} Bf5 {[%clk 0:03:18]} 33. Rd5
{[%clk 0:08:01]} Qc1+ {[%clk 0:03:26]} 34. Rf1 {[%clk 0:07:40]} Qb2
{[%clk 0:03:32]} 35. Rf2 {[%clk 0:07:50]} Qa1+ {[%clk 0:03:01]} 36. Bf1
{[%clk 0:08:06]} Qc3 {[%clk 0:03:32]} 37. Re5 {[%clk 0:06:59]} e6
{[%clk 0:03:16]} 38. Ree2 {[%clk 0:05:12]} Qxd4 {[%clk 0:03:34]} 39. Rd2
{[%clk 0:05:31]} Qc5 {[%clk 0:03:29]} 40. h4 {[%clk 0:05:11]} e5 {[%clk 0:02:07]}
41. Kh2 {[%clk 0:04:21]} e4 {[%clk 0:23:36]} 42. Rc2 {[%clk 0:33:49]} Qe5
{[%clk 0:21:52]} 43. Rce2 {[%clk 0:27:01]} Bg4 {[%clk 0:19:54]} 44. Re1
{[%clk 0:26:43]} Qd4 {[%clk 0:15:12]} 45. Rc2 {[%clk 0:25:34]} Bd1
{[%clk 0:12:45]} 46. Rg2 {[%clk 0:25:28]} Bf3 {[%clk 0:11:21]} 47. Rc2
{[%clk 0:25:45]} g5 {[%clk 0:09:16]} 48. hxg5 {[%clk 0:25:08]} h4
{[%clk 0:09:36]} 49. Bg2 {[%clk 0:22:41]} Qd3 {[%clk 0:07:44]} 50. Rf2
{[%clk 0:22:19]} Qd6 {[%clk 0:08:08]} 51. Kh1 {[%clk 0:21:11]} hxg3
{[%clk 0:04:27]} 52. Rxf3 {[%clk 0:18:40]} exf3 {[%clk 0:04:55]} 53. Bxf3
{[%clk 0:19:01]} Qd2 {[%clk 0:04:58]} 54. Re2 {[%clk 0:19:23]} Qxg5
{[%clk 0:05:05]} 55. Kg2 {[%clk 0:19:07]} f5 {[%clk 0:05:19]} 56. Rc2
{[%clk 0:19:03]} f4 {[%clk 0:05:04]} 57. Rd2 {[%clk 0:18:10]} Qh4
{[%clk 0:04:55]} 58. Kg1 {[%clk 0:18:35]} Kf6 {[%clk 0:04:48]} 59. Rd6+
{[%clk 0:18:31]} Ke7 {[%clk 0:05:08]} 60. Rd2 {[%clk 0:18:55]} Qh8
{[%clk 0:05:13]} 61. Re2+ {[%clk 0:18:57]} Kd6 {[%clk 0:05:21]} 62. Rc2
{[%clk 0:18:55]} Qh7 {[%clk 0:04:39]} 63. Rd2+ {[%clk 0:19:12]} Kc7
{[%clk 0:04:26]} 64. Kf1 {[%clk 0:19:19]} Qb1+ {[%clk 0:04:15]} 65. Kg2
{[%clk 0:19:34]} Qc1 {[%clk 0:04:25]} 66. Re2 {[%clk 0:19:50]} Kd6
{[%clk 0:04:32]} 67. Be4 {[%clk 0:19:53]} Qa1 {[%clk 0:04:18]} 68. Bf3
{[%clk 0:18:09]} Qh8 {[%clk 0:04:34]} 69. Kg1 {[%clk 0:18:31]} Kc5
{[%clk 0:04:40]} 70. Kf1 {[%clk 0:18:01]} Qf6 {[%clk 0:04:05]} 71. Rc2+
{[%clk 0:16:38]} Kd4 {[%clk 0:04:01]} 72. Re2 {[%clk 0:17:00]} Qh4
{[%clk 0:03:46]} 73. Kg2 {[%clk 0:15:42]} Kd3 {[%clk 0:03:45]} 74. Kg1
{[%clk 0:15:48]} Qh3 {[%clk 0:03:25]} 75. Rb2 {[%clk 0:14:56]} Ke3
{[%clk 0:03:13]} 76. Bg2 {[%clk 0:15:00]} Qh2+ {[%clk 0:03:04]} 0-1

[Event "2CLB1617, Unichess'B'-Liberec"]
[Site "Praha"]
[Date "2017.01.15"]
[Round "6.7"]
[White "Bartos, Jan"]
[Black "Haase, Pavel"]
[Result "1-0"]
[BlackElo "2001"]
[WhiteElo "2116"]
[WhiteTeam "Unichess B"]
[BlackTeam "Desko Liberec"]
[LiveChessVersion "1.4.8"]

1. d4 {[%clk 1:30:58]} Nf6 {[%clk 1:30:53]} 2. c4 {[%clk 1:31:17]} g6
{[%clk 1:31:18]} 3. Nc3 {[%clk 1:31:43]} d5 {[%clk 1:31:44]} 4. Bg5
{[%clk 1:31:28]} Ne4 {[%clk 1:29:09]} 5. Bh4 {[%clk 1:31:49]} c6 {[%clk 1:27:53]}
6. cxd5 {[%clk 1:26:11]} Nxc3 {[%clk 1:26:14]} 7. bxc3 {[%clk 1:26:34]} cxd5
{[%clk 1:22:47]} 8. Nf3 {[%clk 1:26:10]} Bg7 {[%clk 1:22:32]} 9. e3
{[%clk 1:25:34]} O-O {[%clk 1:22:46]} 10. Be2 {[%clk 1:22:34]} Nc6
{[%clk 1:21:57]} 11. O-O {[%clk 1:22:51]} Bf5 {[%clk 1:14:33]} 12. c4
{[%clk 1:18:09]} dxc4 {[%clk 1:02:42]} 13. Bxc4 {[%clk 1:17:11]} Rc8
{[%clk 1:02:47]} 14. Rc1 {[%clk 1:16:17]} Qd7 {[%clk 1:00:53]} 15. Bb5
{[%clk 1:09:04]} e6 {[%clk 0:53:54]} 16. Qa4 {[%clk 1:01:06]} a6 {[%clk 0:44:45]}
17. Bxc6 {[%clk 1:00:35]} Rxc6 {[%clk 0:45:09]} 18. Rxc6 {[%clk 0:59:06]} Qxc6
{[%clk 0:45:34]} 19. Qxc6 {[%clk 0:59:18]} bxc6 {[%clk 0:45:59]} 20. Bg3
{[%clk 0:58:59]} Rc8 {[%clk 0:43:10]} 21. Rc1 {[%clk 0:59:09]} Bf8
{[%clk 0:41:28]} 22. Ne5 {[%clk 0:54:52]} Be4 {[%clk 0:41:36]} 23. Nd7
{[%clk 0:50:56]} Be7 {[%clk 0:35:44]} 24. Nb6 {[%clk 0:43:35]} Re8
{[%clk 0:35:29]} 25. f3 {[%clk 0:43:06]} Bd5 {[%clk 0:35:54]} 26. Rc2
{[%clk 0:38:51]} f5 {[%clk 0:33:55]} 27. Nxd5 {[%clk 0:31:19]} cxd5
{[%clk 0:34:17]} 28. Rc6 {[%clk 0:31:37]} Bg5 {[%clk 0:34:29]} 29. Kf2
{[%clk 0:29:38]} a5 {[%clk 0:34:01]} 30. Be5 {[%clk 0:27:43]} Kf7
{[%clk 0:31:48]} 31. a4 {[%clk 0:20:01]} Bd8 {[%clk 0:23:39]} 32. Bd6
{[%clk 0:20:03]} Be7 {[%clk 0:23:13]} 33. Rc7 {[%clk 0:14:22]} Kf8
{[%clk 0:22:45]} 34. Bc5 {[%clk 0:13:32]} Kf7 {[%clk 0:15:36]} 35. Ra7
{[%clk 0:13:22]} Kf6 {[%clk 0:15:57]} 36. Bxe7+ {[%clk 0:13:46]} Rxe7
{[%clk 0:16:21]} 37. Rxa5 {[%clk 0:14:12]} Rb7 {[%clk 0:16:37]} 38. Rb5
{[%clk 0:12:47]} Rc7 {[%clk 0:16:47]} 39. Rb2 {[%clk 0:13:01]} Ra7
{[%clk 0:16:27]} 40. Ra2 {[%clk 0:13:26]} Ke7 {[%clk 0:15:49]} 41. Ke2
{[%clk 0:13:48]} Kd6 {[%clk 0:16:05]} 42. Kd3 {[%clk 0:14:14]} Kc6
{[%clk 0:16:14]} 43. Kc3 {[%clk 0:14:38]} Kb6 {[%clk 0:14:38]} 44. Kb3
{[%clk 0:14:47]} Ka5 {[%clk 0:13:02]} 45. Rc2 {[%clk 0:13:58]} Rb7+
{[%clk 0:13:26]} 46. Ka3 {[%clk 0:14:20]} Rb1 {[%clk 0:13:25]} 47. Rc6
{[%clk 0:13:45]} Ra1+ {[%clk 0:13:44]} 48. Kb3 {[%clk 0:13:48]} Rb1+
{[%clk 0:14:09]} 49. Ka3 {[%clk 0:08:28]} Ra1+ {[%clk 0:14:24]} 50. Kb3
{[%clk 0:07:32]} Rb1+ {[%clk 0:14:48]} 51. Kc2 {[%clk 0:07:57]} Rg1
{[%clk 0:15:04]} 52. Rxe6 {[%clk 0:04:50]} Rxg2+ {[%clk 0:09:41]} 53. Kd3
{[%clk 0:05:15]} Rxh2 {[%clk 0:10:03]} 54. Rd6 {[%clk 0:05:17]} Kxa4
{[%clk 0:10:08]} 55. Rxd5 {[%clk 0:05:39]} h5 {[%clk 0:10:29]} 56. e4
{[%clk 0:05:14]} h4 {[%clk 0:09:27]} 57. exf5 {[%clk 0:02:23]} gxf5
{[%clk 0:09:10]} 58. Rxf5 {[%clk 0:02:31]} h3 {[%clk 0:09:16]} 59. Rh5
{[%clk 0:25:31]} Kb4 {[%clk 0:39:56]} 60. Ke3 {[%clk 0:19:35]} Kc4
{[%clk 0:37:41]} 61. d5 {[%clk 0:19:37]} Kc5 {[%clk 0:33:00]} 62. Kf4
{[%clk 0:19:44]} Rh1 {[%clk 0:31:12]} 63. Kg3 {[%clk 0:19:25]} Rf1
{[%clk 0:31:33]} 64. Kg4 {[%clk 0:15:05]} h2 {[%clk 0:30:01]} 65. Rxh2
{[%clk 0:15:29]} Kxd5 {[%clk 0:30:28]} 66. Re2 {[%clk 0:15:52]} Rh1
{[%clk 0:30:00]} 67. f4 {[%clk 0:16:02]} Rg1+ {[%clk 0:30:08]} 68. Kf5
{[%clk 0:16:27]} Kd6 {[%clk 0:30:28]} 69. Kf6 {[%clk 0:16:51]} Kd5
{[%clk 0:30:31]} 70. f5 {[%clk 0:13:14]} Kd6 {[%clk 0:30:51]} 71. Rd2+
{[%clk 0:13:40]} Kc7 {[%clk 0:31:11]} 72. Kf7 {[%clk 0:14:03]} Kc8
{[%clk 0:31:31]} 73. f6 {[%clk 0:14:27]} Kc7 {[%clk 0:31:57]} 74. Kf8
{[%clk 0:14:44]} Rf1 {[%clk 0:32:20]} 75. f7 {[%clk 0:15:09]} Rg1
{[%clk 0:32:46]} 76. Rd5 {[%clk 0:15:28]} Kc6 {[%clk 0:33:01]} 77. Rd4
{[%clk 0:15:54]} Kc5 {[%clk 0:33:14]} 78. Rd8 {[%clk 0:16:07]} Kc6
{[%clk 0:33:34]} 79. Ke7 {[%clk 0:16:30]} Re1+ {[%clk 0:33:56]} 80. Kf6
{[%clk 0:16:56]} Rf1+ {[%clk 0:34:19]} 81. Kg6 {[%clk 0:17:22]} Rg1+
{[%clk 0:34:42]} 82. Kh5 {[%clk 0:17:49]} Rh1+ {[%clk 0:35:00]} 83. Kg4
{[%clk 0:18:15]} Rg1+ {[%clk 0:35:24]} 84. Kh3 {[%clk 0:18:42]} Rh1+
{[%clk 0:35:51]} 85. Kg2 {[%clk 0:19:07]} 1-0